Risk management : (Record no. 67986)

MARC details
000 -LEADER
fixed length control field 00482nam a22001577a 4500
005 - DATE AND TIME OF LATEST TRANSACTION
control field 20120615131551.0
020 ## - INTERNATIONAL STANDARD BOOK NUMBER
International Standard Book Number 1403926662
Terms of availability Rs. 185.00 (pbk)
035 ## - SYSTEM CONTROL NUMBER
System control number B-182337
037 ## - SOURCE OF ACQUISITION
Stock number DPL
Source of stock number/acquisition ENG
245 ## - TITLE STATEMENT
Title Risk management :
Remainder of title (For CAIIB examination) /
250 ## - EDITION STATEMENT
Edition statement rprn.
260 ## - PUBLICATION, DISTRIBUTION, ETC. (IMPRINT)
Place of publication, distribution, etc Delhi
Name of publisher, distributor, etc Macmillan
Date of publication, distribution, etc 2006
300 ## - PHYSICAL DESCRIPTION
Extent 345p.
Dimensions 22 cms.
942 ## - ADDED ENTRY ELEMENTS (KOHA)
Source of classification or shelving scheme Dewey Decimal Classification
Item type English Books
Classification part 368
Call number suffix RIS
Holdings
Withdrawn status Lost status Not for loan Collection code Home library Current library Date acquired Cost, normal purchase price Full call number Barcode Cost, replacement price Koha item type
      Non-fiction Sarojini Nagar Sarojini Nagar 15/06/2012 185.00 368 RIS B-182337 185.00 English Books
      Non-fiction Sarojini Nagar Sarojini Nagar 07/03/2019   368 RIS B-088946   English Books

© Delhi Public Library
Hit Counter
free hit counter